000 00309nam a22000977a 4500
008 130416b xxu||||| |||| 00| 0 eng d
020 _a9780763743338
_cAvalable
050 _a610.285BER
_b002327
245 _aPerl Programming for Medicine And Biology
_cBerman Jules J
260 _aUSA
_bJones And Bartlett Publisher
_c2007
999 _c23400
_d23400